Moms' night out [DVD/videorecording] / Tristar ... Read More
Available copies
- 1 of 1 copy available at LARL/NWRL Consortium. (Show)
- 1 of 1 copy available at Northwest Regional Library.
Current holds
0 current holds with 1 total copy.
Show Only Available Copies
| Location | Call Number / Copy Notes | Barcode | Shelving Location | Status | Due Date |
|---|---|---|---|---|---|
| Hallock Public Library | DVD MOM (Text) | 35500005313315 | Main | Available | - |
Record details
- Physical Description: 1 videodisc (approximately 99 minutes) : sound, ... Read More
- Publisher: Culver City, California : Sony Pictures Home Entertainment, 2014
Content descriptions
| General Note: | Originally released as a motion picture in 2014. Special features: Bloopers; deleted scenes; The heart of Mom's night out; Casting "Moms night out"; ... Read More |
| Creation/Production Credits Note: | Director of photography, Kristopher S. Kimlin ; ... Read More |
| Participant or Performer Note: | Sarah Drew, Sean Astin, Patricia Heaton, David ... Read More |
| Summary, etc.: | All Allyson and her friends want is a peaceful, ... Read More |
| Target Audience Note: | MPAA Rating: PG; for mild thematic elements and ... Read More |
| System Details Note: | DVD, NTSC region 1, anamorphic widescreen (2.40:1) ... Read More |
| Language Note: | English, French, Spanish, Portuguese or Thai ... Read More |
| Source of Description Note: | Title from disc surface. |
Search for related items by subject
| Subject: | Motherhood > Drama. Female friendship > Drama. |
| Genre: | Feature films. Comedy films. Fiction films. Video recordings for the hearing impaired. Video recordings for people with visual disabilities. |
| LDR | 04854cgm a2200829Ii 4500 | ||
|---|---|---|---|
| 001 | 168365 | ||
| 003 | LARL_NWRL_CONSORTIUM | ||
| 005 | 20140909172359.0 | ||
| 007 | vd cvaizq | ||
| 008 | 140721s2014 cau099 vleng d | ||
| 024 | 1 | . | ‡a043396439313 |
| 024 | 1 | . | ‡a043396443914 |
| 028 | 4 | 2. | ‡a43931 ‡bSony Pictures Home Entertainment |
| 035 | . | ‡a(OCoLC)884286626 | |
| 037 | . | ‡bMidwest Tape ‡nhttp://www.midwesttapes.com | |
| 040 | . | ‡aTEFMT ‡beng ‡erda ‡cTEFMT ‡dTEF ‡dTEFMT ‡dBDX ‡dIK2 ‡dPX0 ‡dUPZ | |
| 041 | 1 | . | ‡aeng ‡afre ‡apor ‡aspa ‡atha ‡jchi ‡jeng ‡jfre ‡jkor ‡jpor ‡jspa ‡jtha ‡heng |
| 050 | 4. | ‡aPN1997.2 ‡b.M66 2014 | |
| 082 | 0 | 4. | ‡a791.43/72 ‡223 |
| 245 | 0 | 0. | ‡aMoms' night out ‡h[DVD/videorecording] / ‡cTristar Pictures presents in association with Affirm Films and Provident Films ; a Kevin Downes production of an Erwin Brothers film ; produced by Kevin Downes ; written by Andrea Nasfell and Jon Erwin ; directed by the Erwin brothers. |
| 260 | . | ‡aCulver City, California : ‡bSony Pictures Home Entertainment, ‡c2014 | |
| 300 | . | ‡a1 videodisc (approximately 99 minutes) : ‡bsound, color ; ‡c4 3/4 in. | |
| 336 | . | ‡atwo-dimensional moving image ‡btdi ‡2rdacontent | |
| 337 | . | ‡avideo ‡bv ‡2rdamedia | |
| 338 | . | ‡avideodisc ‡bvd ‡2rdacarrier | |
| 340 | . | ‡b4 3/4 in. ‡2rda | |
| 344 | . | ‡adigital ‡boptical ‡gsurround ‡hDolby Digital 5.1 ‡2rda | |
| 345 | . | ‡awidescreen (2.40:1) ‡b24 fps ‡2rda | |
| 346 | . | ‡bNTSC ‡2rda | |
| 347 | . | ‡avideo file ‡bDVD video ‡eRegion 1 ‡2rda | |
| 538 | . | ‡aDVD, NTSC region 1, anamorphic widescreen (2.40:1) presentation; Dolby Digital 5.1. | |
| 546 | . | ‡aEnglish, French, Spanish, Portuguese or Thai dialogue; English, Chinese (Traditional), French, Korean, Portuguese, Spanish, or Thai subtitles; English subtitles for the deaf and hard-of-hearing (SDH); English descriptive audio track for people with visual disabilities. | |
| 588 | 0 | . | ‡aTitle from disc surface. |
| 511 | 1 | . | ‡aSarah Drew, Sean Astin, Patricia Heaton, David Hunt, Andrea Logan White, Trace Adkins. |
| 508 | . | ‡aDirector of photography, Kristopher S. Kimlin ; editor, Andrew Erwin, Jonathan Olive ; music, Marc Fantini, Steffan Fantini. | |
| 500 | . | ‡aOriginally released as a motion picture in 2014. | |
| 521 | 8 | . | ‡aMPAA Rating: PG; for mild thematic elements and some action ; ‡aCHV rating: PG; for violence. |
| 520 | . | ‡aAll Allyson and her friends want is a peaceful, grown-up evening of dinner and conversation, a long-needed moms' night out. But in order to enjoy high heels, adult conversation, and food not served in a paper bag, they need their husbands to watch the kids for three hours - what could go wrong? | |
| 500 | . | ‡aSpecial features: Bloopers; deleted scenes; The heart of Mom's night out; Casting "Moms night out"; The art of improv; The art of action; filmmakers' commentary. | |
| 650 | 0. | ‡aMotherhood ‡vDrama. | |
| 650 | 0. | ‡aFemale friendship ‡vDrama. ‡0(LARL_NWRL_CONSORTIUM)169384 | |
| 655 | 7. | ‡aFeature films. ‡2lcgft ‡0(LARL_NWRL_CONSORTIUM)175625 | |
| 655 | 7. | ‡aComedy films. ‡2lcgft ‡0(LARL_NWRL_CONSORTIUM)175650 | |
| 655 | 7. | ‡aFiction films. ‡2lcgft ‡0(LARL_NWRL_CONSORTIUM)175626 | |
| 655 | 7. | ‡aVideo recordings for the hearing impaired. ‡2lcgft ‡0(LARL_NWRL_CONSORTIUM)175744 | |
| 655 | 7. | ‡aVideo recordings for people with visual disabilities. ‡2lcgft ‡0(LARL_NWRL_CONSORTIUM)175745 | |
| 700 | 1 | . | ‡aErwin, Jonathan D., ‡escreenwriter, ‡efilm director. |
| 700 | 1 | . | ‡aErwin, Andrew, ‡efilm director. |
| 700 | 1 | . | ‡aNasfell, Andrea Gyertson, ‡escreenwriter. |
| 700 | 1 | . | ‡aDownes, Kevin, ‡d1972- ‡efilm producer. |
| 700 | 1 | . | ‡aDrew, Sarah, ‡d1980- ‡eactor. ‡0(LARL_NWRL_CONSORTIUM)213779 |
| 700 | 1 | . | ‡aAstin, Sean, ‡eactor. ‡0(LARL_NWRL_CONSORTIUM)153814 |
| 700 | 1 | . | ‡aHeaton, Patricia, ‡d1958- ‡eactor. ‡0(LARL_NWRL_CONSORTIUM)152086 |
| 700 | 1 | . | ‡aHunt, David, ‡d1954- ‡eactor. |
| 700 | 1 | . | ‡aWhite, Andrea Logan, ‡eactor. |
| 700 | 1 | . | ‡aAdkins, Trace, ‡eactor. ‡0(LARL_NWRL_CONSORTIUM)156463 |
| 710 | 2 | . | ‡aTri-Star Pictures, ‡eproduction company. ‡0(LARL_NWRL_CONSORTIUM)105703 |
| 710 | 2 | . | ‡aAffirm Films, ‡eproduction company. |
| 710 | 2 | . | ‡aProvident Films, ‡eproduction company. |
| 710 | 2 | . | ‡aSony Pictures Home Entertainment (Firm), ‡efilm distributor. ‡0(LARL_NWRL_CONSORTIUM)209884 |
| 948 | . | ‡hNO HOLDINGS IN LAL - 379 OTHER HOLDINGS | |
| 994 | . | ‡aZ0 ‡bLAL | |
| 901 | . | ‡a168365 ‡bOCLC ‡c168365 ‡tbiblio | |

Add to basket
Permalink
Disable Highlighting